Historic dates click quiz part 2 - Statistics

General Stats
  • This quiz has been taken 73 times
  • The average score is 14 of 25
Answer Stats
Hint Answer % Correct
Pearl harbour attacks 1941 AD
98%
Jesus is crucified 29 AD
93%
911 terrorist attacks 2001 AD
91%
Sputnik launched by Russia 1959 AD
77%
French Revolution 1789 AD
75%
American civil war begins 1861 AD
75%
Chat GPT is launched becoming the first accessible AI 2022 AD
75%
Battle of Hastings 1066 AD
73%
Queen Victoria takes the throne in England 1837 AD
73%
Ronald Reagan elected as US president 1980 AD
68%
Treaty of Versailles signed 1919 AD
64%
Alexander conquers Egypt 332 BC
61%
Great pyramids begin construction 3000 BC
59%
Iron man is released in cinemas starting the largest franchise of films 2008 AD
57%
Outbreak of Indo-Pak war 1971 AD
52%
Arabs invade Spain 711 AD
48%
Emanuel macron becomes president of France 2017 AD
41%
Jeff Bezos becomes the first human to have a net worth over £200 billion 2020 AD
41%
Taliban capture Kabul for the first time 1996 AD
36%
Opening of the Suez Canal 1869 AD
32%
Great Thunberg delivers “how dare you “ speech 2019 AD
32%
Britain establishes land in India 1600 AD
30%
Chinese revolution 1911 AD
30%
The iPad is introduced 2010 AD
30%
Water is discovered on Mars by curiosity rover 2013 AD
14%
No matching quizzes found
Score Distribution
Percent of People with Each Score
Percentile by Number Answered
Your Score History
You have not taken this quiz